| 000 | 00721nam a22002057a 4500 | ||
|---|---|---|---|
| 005 | 20251108164311.0 | ||
| 008 | 250721s1995 xx 000 0 ara d | ||
| 082 | 1 | 4 | _a811.6/مغر |
| 100 | 1 | _aالمغربي، أبي علي الحسين | |
| 245 | 1 | 0 | _aالتكملة و شرح الأبيات من ديوان أبي الطيب المتنبي / |
| 264 | 1 |
_aالكرك : _bدار عمار : جامعة مؤته، _c1995. |
|
| 300 | _aج | ||
| 650 | 1 | 7 | _aالشعر العربي |
| 650 | 1 | 7 | _aالعصر العباسي |
| 700 | 1 |
_aأبو سويلم، أنور _eتحقيق |
|
| 700 | 1 |
_aالجعافرة، ماجد _eتحقيق |
|
| 700 | 1 |
_aالشوملي، علي _eتحقيق |
|
| 942 |
_2ddc _cBK |
||
| 999 |
_c8753 _d8753 |
||